Score 0/19 Timer 03:00
0 Plays Today
Clue 5-Letter Word % Correct
Late night host O'Brien on TBS at 11 pmCONAN
91.7%
A person from the capital of ItalyROMAN
88.3%
Lead singer Keating of BoyzoneRONAN
78.4%
A large grinding toothMOLAR
75.8%
The message at the end of a fableMORAL
70.8%
Leo V, Linus, and Benedict XVI, e.g.POPES
67.3%
Previous late night host George on TBS at midnightLOPEZ
65.8%
A lightweight low-power propelled bikeMOPED
55.9%
Moved in an easy bounding gaitLOPED
52.8%
Broods or dawdlesMOPES
50.8%
Clue 5-Letter Word % Correct
Unit for measuring a solution's concentration in amount per massMOLAL
50.7%
Very large heavy booksTOMES
48.7%
Fruits like apples or pearsPOMES
43.5%
Actress Erin of TV's 'Happy Days'MORAN
41.1%
'Death of a Salesman' character Willy or BiffLOMAN
40.6%
Athletes Kaberle of the NHL or Berdych of tennisTOMAS
36.2%
Spanish verb to take or to take a drinkTOMAR
34.5%
Slovenian currency that was replaced by the EuroTOLAR
29.4%
A navigation system used for ships and planes using radio wavesLORAN
26.9%

Today's Daily Dose

You're not logged in!

Compare scores with friends on all Sporcle quizzes.
OR
Log In

Sporcle TV

Today on Sporcle TV


Watch our educational content, quiz creation guides, and fun videos on Sporcle TV.

Show Comments

Extras

Top Quizzes Today


Score Distribution

Paid Content

Your Account Isn't Verified!

In order to create a playlist on Sporcle, you need to verify the email address you used during registration. Go to your Sporcle Settings to finish the process.

Report this User

Report this user for behavior that violates our Community Guidelines.

Details: